Historia de la educación /

Guardado en:
Autor Principal: Zuretti, Juan Carlos
Formato: Libro
Publicado: Buenos Aires : Itinerarium, 1961
Edición:12a. ed.
Materias:
Etiquetas: Agregar Etiqueta
Sin Etiquetas, Sea el primero en etiquetar este registro!
LEADER 00491nam a22001815a 4500
001 CEM.cems006947
005 20060214000000.0
008 130507s1961##################000#0#####d
003 CEMS
082 0 4 |a 370.9 
100 1 |a Zuretti, Juan Carlos 
245 1 0 |a Historia de la educación / 
250 |a 12a. ed. 
260 |a Buenos Aires :  |b Itinerarium,  |c 1961 
300 |a 302 p. 
653 |a Educacion 
653 |a Educacion-historia 
859 |a CEMS  |b BIB. CEMS - 11 de abril  |h 370.9  |i Z87a12  |p 6531.78  |t Ej.1